[Event "Tourn. n10165"]
[Site "www.echecsemail.com"]
[Date "2019.08.02"]
[Round "1"]
[White "Obisporey"]
[Black "Seger"]
[WhiteElo "2600"]
[BlackElo "2860"]
[Result "0-1"]
[Round "1"]
1.e4 e5
2.d4 exd4
3.Qd1xd4 Nb8c6
4.Qd4e3 Ng8f6
5.Nb1c3 Bf8b4
6.Bc1d2 O-O
7.O-O-O Rf8e8
8.Bf1c4 d6
9.Ng1f3 Bc8e6
10.Bc4xe6 Re8xe6
11.Rh1e1 Bb4xc3
12.Bd2xc3 Nf6xe4
13.h4 h6
14.Nf3d4 Nc6xd4
15.Qe3xd4 Ne4xc3
16.Qd4xc3 Re6xe1
17.Rd1xe1 Qd8xh4
18.Qc3xc7 Qh4xf2
19.Re1d1 Qf2xg2
20.b3 Ra8e8
21.Rd1xd6 Qg2g5
22.Kb2 Qg5e5
23.Ka3 g5
24.Rd6d7 Qe5xc7
25.Rd7xc7 f5
{ resign }
0-1

[Event "Tourn. n10145"]
[Site "www.echecsemail.com"]
[Date "2019.08.02"]
[Round "1"]
[White "Seger"]
[Black "Dougbeer"]
[WhiteElo "2830"]
[BlackElo "2550"]
[Result "1-0"]
[Round "1"]
1.d4 d5
2.Bc1f4 Ng8f6
3.e3 e6
4.Ng1f3 c5
5.c4 cxd4
6.exd4 Bf8e7
7.c5 O-O
8.b4 Nf6e4
9.Bf4xb8 Ra8xb8
10.Bf1d3 f5
11.O-O b6
12.Qd1c2 bxc5
13.bxc5 Qd8a5
14.Nb1d2 Bc8d7
15.Ra1b1 Bd7a4
16.Nd2b3 Qa5c7
17.Qc2c1 a5
18.Qc1a3 Rb8b4
19.Nb3c1 Rf8b8
20.Rb1xb4 Rb8xb4
21.Bd3e2 Ne4g5
22.Qa3e3 f4
23.Qe3d2 Ng5e4
24.Qd2e1 Be7f6
25.Nc1d3 Rb4xd4
26.Nf3xd4 Bf6xd4
27.Be2f3 Ba4c6
28.Qe1d1 Ne4xc5
29.Nd3xc5 Bd4xc5
30.Qd1c2 Bc5a3
31.Bf3e2 Qc7d7
32.Rf1b1 Ba3b4
33.a3 Bc6a4
34.Qc2c1 Bb4d6
35.Be2g4 Kf7
36.Qc1c3 Qd7e7
37.Qc3xa5 { resign }
1-0

[Event "Tourn. n10142"]
[Site "www.echecsemail.com"]
[Date "2019.08.02"]
[Round "1"]
[White "Reignblowcan"]
[Black "Pdebonis"]
[WhiteElo "2640"]
[BlackElo "2720"]
[Result "1/2-1/2"]
[Round "1"]
1.c4 e5
2.Nb1c3 Ng8f6
3.Ng1f3 Nb8c6
4.g3 d5
5.cxd5 Nf6xd5
6.Bf1g2 Nd5b6
7.O-O Bf8e7
8.a3 O-O
9.b4 Bc8e6
10.d3 a5
11.b5 Nc6d4
12.Ra1b1 f6
13.Rf1e1 a4
14.Nf3d2 Ra8a7
15.e3 Nd4b3
16.Nd2xb3 axb3
17.Rb1xb3 Be6xb3
18.Qd1xb3 Kh8
19.d4 exd4
20.exd4 Qd8d7
21.Nc3d5 Nb6xd5
22.Bg2xd5 c6
23.Bd5e6 Qd7xd4
24.Bc1e3 Qd4e4
25.f3 Qe4a4
26.Be3xa7 Qa4xa7
{ draw }
1/2-1/2

[Event "Tourn. n10124"]
[Site "www.echecsemail.com"]
[Date "2019.08.02"]
[Round "1"]
[White "D4minance"]
[Black "Tartan"]
[WhiteElo "2650"]
[BlackElo "2460"]
[Result "1-0"]
[Round "1"]
1.d4 Ng8f6
2.c4 e6
3.g3 d5
4.Ng1f3 Bf8e7
5.Bf1g2 O-O
6.O-O Nb8d7
7.Qd1c2 c6
8.Nb1d2 b6
9.e4 Bc8b7
10.e5 Nf6e8
11.cxd5 cxd5
12.Rf1e1 Ra8c8
13.Qc2a4 a5
14.Nd2f1 Bb7a6
15.Qa4d1 Nd7b8
16.h4 Qd8d7
17.Bc1g5 Be7b4
18.Re1e3 a4
19.a3 Bb4a5
20.Nf1d2 h6
21.Bg5f4 b5
22.b4 Ba5b6
23.Ra1c1 Rc8xc1
24.Qd1xc1 Nb8c6
25.Re3d3 Ne8c7
26.Nd2b1 Rf8c8
27.Bf4xh6 gxh6
28.Qc1xh6 Nc7e8
29.Nb1c3 Bb6d8
30.Nf3g5 Bd8xg5
31.hxg5 Nc6e7
32.g4 Ne7g6
33.Rd3h3 Ne8g7
34.Qh6h7 Kf8
35.Rh3f3 { resign }
1-0

[Event "Tourn. n10168"]
[Site "www.echecsemail.com"]
[Date "2019.08.02"]
[Round "1"]
[White "Apdash"]
[Black "Ff333"]
[WhiteElo "2190"]
[BlackElo "2030"]
[Result "1-0"]
[Round "1"]
1.e4 e5
2.Ng1f3 d6
3.Bf1c4 h6
4.O-O Ng8f6
5.d4 Bc8g4
6.dxe5 Bg4xf3
7.Qd1xf3 dxe5
8.Nb1c3 c6
9.Rf1d1 Qd8c7
10.Bc1e3 Nb8d7
11.Qf3f5 O-O-O
12.Bc4xf7 Kb8
13.Rd1d3 Nd7c5
14.Rd3xd8 Qc7xd8
15.Qf5xe5 Ka8
16.Be3xc5 Bf8xc5
17.Qe5xc5 Nf6d7
18.Qc5d6 Rh8f8
19.Bf7e6 Nd7b6
20.Qd6xd8 Rf8xd8
21.Ra1d1 Rd8e8
22.Be6f5 a6
23.b3 Nb6c8
24.Bf5xc8 Re8xc8
25.Rd1d7 { resign }
1-0

[Event "Tourn. n10184"]
[Site "www.echecsemail.com"]
[Date "2019.08.02"]
[Round "1"]
[White "Fantomas"]
[Black "Bigrezi"]
[WhiteElo "2150"]
[BlackElo "2130"]
[Result "0-1"]
[Round "1"]
1.e4 e6
2.f4 Bf8c5
3.Ng1f3 d5
4.e5 Bc5b6
5.d4 Ng8e7
6.Bc1e3 Nb8c6
7.c3 O-O
8.Bf1d3 Ne7f5
9.Be3f2 Bc8d7
10.Qd1c2 f6
11.g4 fxe5
12.Nf3xe5 Nc6xe5
13.fxe5 Nf5h4
14.O-O Qd8g5
15.Bd3e2 Nh4f3
16.Kh1 Nf3xe5
17.Qc2d2 Qg5g6
18.g5 Qg6e4
19.Kg1 Bd7b5
{ resign }
0-1

[Event "Tourn. n10159"]
[Site "www.echecsemail.com"]
[Date "2019.08.03"]
[Round "1"]
[White "Sbb"]
[Black "Aperturaf"]
[WhiteElo "2760"]
[BlackElo "2710"]
[Result "1-0"]
[Round "1"]
1.d4 e6
2.c4 d5
3.Nb1c3 Ng8f6
4.cxd5 exd5
5.Bc1g5 Nb8d7
6.e3 Bf8e7
7.Bf1d3 O-O
8.h3 c5
9.Ng1e2 b6
10.Ne2g3 g6
11.O-O Bc8b7
12.Ra1c1 a6
13.f4 c4
14.Bd3b1 b5
15.Qd1f3 b4
16.Nc3e2 Nf6e4
17.Ng3xe4 dxe4
18.Qf3g3 f5
19.Rc1xc4 Nd7f6
20.Rf1c1 a5
21.Rc4c7 Bb7a6
22.Bb1c2 Ba6xe2
23.Bc2b3 Kh8
24.Qg3h4 Be2b5
25.Bb3e6 Qd8d6
26.d5 Ra8d8
27.Rc7xe7 Qd6xe7
28.Rc1c7 { resign }
1-0

[Event "Tourn. n10182"]
[Site "www.echecsemail.com"]
[Date "2019.08.03"]
[Round "1"]
[White "Bojan"]
[Black "Churrasca"]
[WhiteElo "1990"]
[BlackElo "1980"]
[Result "1-0"]
[Round "1"]
1.e4 c5
2.Ng1f3 d6
3.Bf1c4 e6
4.d4 cxd4
5.Nf3xd4 Bf8e7
6.O-O Ng8f6
7.Nb1c3 a6
8.f4 O-O
9.Nd4f3 Nb8c6
10.Bc1e3 Bc8d7
11.a3 { resign }
1-0

[Event "Tourn. n10184"]
[Site "www.echecsemail.com"]
[Date "2019.08.03"]
[Round "1"]
[White "Tonino1"]
[Black "Fantomas"]
[WhiteElo "2130"]
[BlackElo "2130"]
[Result "1-0"]
[Round "1"]
1.f4 d5
2.d4 Bc8f5
3.e3 Ng8f6
4.Ng1f3 Nf6e4
5.Bf1d3 e6
6.O-O h6
7.Qd1e2 Bf8e7
8.c3 Nb8d7
9.Nb1d2 Nd7f6
10.Nf3e5 O-O
11.Nd2xe4 Nf6xe4
12.g4 Bf5h7
13.Qe2g2 f6
14.Ne5f3 a6
15.h4 g5
16.h5 c5
17.Nf3d2 f5
18.Nd2xe4 dxe4
19.Bd3c4 Qd8d7
20.fxg5 Be7xg5
21.gxf5 Rf8xf5
22.Bc1d2 Ra8f8
23.Rf1xf5 Rf8xf5
24.Qg2g4 cxd4
25.exd4 Kf7
26.Bd2e1 Rf5f4
27.Qg4h3 Bh7f5
28.Qh3h2 Rf4f3
29.Be1g3 Qd7c6
30.Bc4e2 Rf3e3
31.Ra1f1 Qc6d5
32.a3 Qd5d8
33.Bg3e5 Re3h3
34.Qh2xh3 { resign }
1-0

[Event "Match"]
[Site "www.echecsemail.com"]
[Date "2019.08.03"]
[Round "1"]
[White "Bojan"]
[Black "Fereike"]
[WhiteElo "2010"]
[BlackElo "1399"]
[Result "1-0"]
[Round "1"]
1.e4 c5
2.Ng1f3 Nb8c6
3.Bf1b5 Ng8f6
4.Bb5xc6 bxc6
5.d3 d6
6.h3 Ra8b8
7.b3 Bc8b7
8.Bc1b2 e6
9.Nf3h2 Bf8e7
10.Nh2g4 d5
11.Nb1d2 Bb7a6
12.Qd1f3 d4
13.Bb2a3 Qd8a5
14.Ba3b2 h5
15.Ng4e5 Qa5c7
16.Nd2c4 Ba6xc4
17.Ne5xc4 e5
18.Qf3g3 Nf6d7
19.Qg3xg7 Be7f6
20.Qg7g3 Ke7
21.f3 Rb8g8
22.Qg3f2 h4
23.Rh1g1 Rg8g3
24.O-O-O Bf6g5
25.Kb1 Rh8g8
26.Rd1e1 Bg5f4
27.Re1e2 Nd7f6
28.Qf2e1 Kd7
29.Bb2a3 Nf6d5
30.exd5 cxd5
31.Nc4xe5 { resign }
1-0

[Event "Tourn. n10162"]
[Site "www.echecsemail.com"]
[Date "2019.08.03"]
[Round "1"]
[White "Ssharp"]
[Black "Numanoid"]
[WhiteElo "2320"]
[BlackElo "2770"]
[Result "0-1"]
[Round "1"]
1.e4 e6
2.d4 d5
3.e5 c5
4.c3 Nb8c6
5.Ng1f3 Qd8b6
6.Bf1e2 cxd4
7.cxd4 Ng8h6
8.Nb1c3 Nh6f5
9.Nc3a4 Bf8b4
10.Bc1d2 Qb6a5
11.Bd2c3 b5
12.a3 Bb4xc3
13.Na4xc3 b4
14.axb4 { time. }
0-1

[Event "Tourn. n10163"]
[Site "www.echecsemail.com"]
[Date "2019.08.03"]
[Round "1"]
[White "Scasan55"]
[Black "Johnmcbride"]
[WhiteElo "1960"]
[BlackElo "1880"]
[Result "0-1"]
[Round "1"]
1.e4 e5
2.Ng1f3 d6
3.h3 c6
4.Bf1c4 b5
5.Bc4b3 h6
6.O-O Ng8f6
7.Rf1e1 Bf8e7
8.d4 exd4
9.Nf3xd4 O-O
10.a3 a6
11.e5 dxe5
12.Nd4e2 Nb8d7
13.Nb1d2 Nd7c5
14.Bb3a2 Bc8f5
15.Ne2g3 Bf5g6
16.Nd2f1 Qd8c7
17.Bc1e3 Rf8d8
18.Qd1e2 Rd8d7
19.b4 Nc5a4
20.c4 Na4c3
21.Qe2f3 e4
22.Ng3xe4 Bg6xe4
23.Qf3g3 Be7d6
24.Be3f4 Bd6xf4
25.Qg3xc3 Bf4e5
26.Qc3b3 Rd7d3
27.Qb3c2 Be5xa1
28.Re1xa1 Rd3xa3
29.Qc2b2 Ra3d3
30.Ra1c1 Ra8d8
31.cxb5 axb5
32.f3 Be4d5
33.Ba2b1 Qc7b6
34.Kh2 Rd3b3
35.Qb2c2 Rb3xb4
36.Nf1e3 Qb6xe3
{ resign }
0-1

[Event "Match"]
[Site "www.echecsemail.com"]
[Date "2019.08.03"]
[Round "1"]
[White "Estonia"]
[Black "Tonino1"]
[WhiteElo "2010"]
[BlackElo "2130"]
[Result "0-1"]
[Round "1"]
1.d4 d6
2.c4 Ng8f6
3.Ng1f3 c6
4.Nb1c3 Qd8a5
5.Bc1d2 Qa5c7
6.e4 e5
7.d5 a5
8.Bf1e2 Bc8d7
9.O-O c5
10.a4 g6
11.Bd2g5 Bf8g7
12.Bg5xf6 Bg7xf6
13.Nf3d2 O-O
14.Nc3b5 Bd7xb5
15.axb5 b6
16.Qd1c2 Bf6g7
17.f4 exf4
18.Rf1xf4 Nb8d7
19.Ra1f1 Bg7d4
20.Kh1 Nd7e5
21.Nd2f3 Bd4e3
22.Rf4f6 Ne5g4
23.Nf3h4 Ng4xf6
24.Rf1xf6 Be3g5
25.Nh4xg6 Bg5xf6
26.Ng6xf8 Ra8xf8
27.Be2d3 Bf6e5
28.Qc2e2 Kh8
29.Qe2h5 Rf8g8
30.g3 Qc7e7
31.Bd3f1 Qe7f6
32.Bf1h3 Qf6f2
33.Qh5f5 Qf2xf5
{ resign }
0-1

[Event "1/16 Finale"]
[Site "www.chess-mail.com"]
[Date "2019.08.03"]
[Round "1"]
[White "Paulsyd"]
[Black "Corr"]
[WhiteElo "2710"]
[BlackElo "2400"]
[Result "0-1"]
[Round "1"]
1.e4 e5
2.Ng1f3 Nb8c6
3.Bf1c4 Ng8f6
4.d3 Bf8c5
5.c3 a5
6.O-O d6
7.Bc1g5 h6
8.Bg5h4 g5
9.Bh4g3 O-O
10.a4 Kg7
11.Nb1d2 g4
12.Nf3h4 Nf6h5
13.Bc4b5 Nc6e7
14.Kh1 f5
15.exf5 Ne7xf5
16.Qd1xg4 Qd8g5
17.Nh4xf5 Bc8xf5
18.Qg4d1 Bf5g4
19.Qd1c2 Bc5b6
20.Nd2e4 Nh5xg3
21.fxg3 Rf8xf1
22.Ra1xf1 Qg5e7
23.d4 Ra8f8
24.Rf1xf8 Kxf8
25.h3 Bg4h5
26.d5 Bh5g6
27.Qc2e2 Qe7f7
28.Kh2 Qf7xd5
29.Ne4f6 Qd5e6
30.Nf6d7 Kg7
31.Qe2f3 Qe6f7
32.Nd7xb6 Qf7xf3
33.gxf3 cxb6
34.g4 Bg6c2
 { time }
0-1

[Event "1/8 Finale"]
[Site "www.chess-mail.com"]
[Date "2019.08.03"]
[Round "1"]
[White "Jose"]
[Black "Conde7"]
[WhiteElo "2810"]
[BlackElo "2840"]
[Result "0-1"]
[Round "1"]
1.e4 e5
2.Qd1h5 Nb8c6
3.Bf1c4 g6
4.Qh5f3 Ng8f6
5.Ng1e2 Bf8g7
6.d3 d6
7.Nb1c3 O-O
8.O-O Nc6a5
9.Bc4b3 c6
10.Qf3g3 Nf6h5
11.Qg3g5 Qd8d7
12.Qg5h4 h6
13.f3 b5
14.Bc1e3 Kh7
15.Kh1 Bc8b7
16.Ra1d1 Na5xb3
17.axb3 c5
18.Ne2g3 Nh5f4
19.Be3xf4 exf4
20.Qh4xf4 b4
21.Nc3e2 Qd7e7
22.Qf4c1 h5
23.Rf1e1 Bg7h6
24.Qc1b1 h4
25.Ng3f1 h3
26.g3 f5
27.Ne2g1 Ra8e8
28.Nf1d2 Qe7d7
29.c3 g5
30.d4 g4
31.d5 Bh6xd2
32.Rd1xd2 fxe4
33.f4 Qd7f5
34.c4 e3
35.Qb1xf5 Rf8xf5
36.Rd2d3 Kg6
37.Rd3xe3 Re8xe3
38.Re1xe3 Bb7xd5
39.cxd5 Rf5xd5
40.Re3e8 Rd5d3
41.Re8g8 Kf7
42.Rg8xg4 Rd3xb3
{ resign }
0-1

[Event "Match"]
[Site "www.echecsemail.com"]
[Date "2019.08.04"]
[Round "1"]
[White "Liencam2"]
[Black "Silverking"]
[WhiteElo "2230"]
[BlackElo "2319"]
[Result "0-1"]
[Round "1"]
1.e4 e6
2.d4 d5
3.Nb1d2 c5
4.Ng1f3 Nb8c6
5.exd5 exd5
6.Bf1b5 Bf8d6
7.dxc5 Qd8e7
8.Qd1e2 Bd6xc5
9.Nd2b3 Qe7xe2
10.Kxe2 Bc5d6
11.Bc1g5 f6
12.Bg5h4 a6
13.Bb5d3 Bc8g4
14.Nb3d2 Kf7
15.c3 d4
16.Bd3c4 Kf8
17.Rh1e1 dxc3
18.bxc3 Ng8e7
19.h3 Bg4h5
20.Kf1 b5
21.Bc4e6 Bd6f4
22.g4 Bh5f7
23.Nd2b3 Bf7xe6
24.Re1xe6 Kf7
25.Re6e4 g5
26.Bh4g3 Ne7d5
27.Ra1d1 Rh8d8
28.Rd1d3 Bf4xg3
29.fxg3 b4
30.cxb4 Nd5xb4
31.Rd3xd8 Ra8xd8
32.Re4e2 Rd8d1
33.Kf2 Rd1d3
34.h4 h6
35.Nf3e1 Rd3c3
36.Re2d2 Ke7
37.Rd2b2 Nc6e5
38.Kg2 Ne5xg4
39.Nb3d4 a5
40.Rb2e2 Kd7
41.Re2d2 Ng4e3
42.Kh3 g4
43.Kh2 Ne3f1
44.Kg2 Nf1xd2
{ resign }
0-1

[Event "Match"]
[Site "www.echecsemail.com"]
[Date "2019.08.04"]
[Round "1"]
[White "Double2dutch"]
[Black "Emmanuel69"]
[WhiteElo "1959"]
[BlackElo "2080"]
[Result "1-0"]
[Round "1"]
1.Ng1f3 d5
2.c4 dxc4
3.e3 Ng8f6
4.Bf1xc4 e6
5.O-O Bf8e7
6.Qd1e2 O-O
7.b3 a6
8.d4 c6
9.Bc1b2 Nb8d7
10.Nb1d2 h6
11.Ra1c1 Nd7b6
12.Bc4d3 Rf8e8
13.Bd3b1 Be7b4
14.a3 Bb4xd2
15.Qe2xd2 Qd8e7
16.e4 Re8d8
17.Qd2c2 g6
18.Rf1e1 Kh7
19.Qc2c3 Nb6d7
20.Rc1d1 Rd8g8
21.d5 c5
22.h4 b6
23.dxe6 Qe7xe6
24.e5 Nf6g4
25.Bb1e4 Ra8b8
26.Be4d5 Qe6e7
27.e6 fxe6
28.Bd5xe6 Qe7f6
29.Be6xg4 Qf6xc3
30.Bb2xc3 Rg8d8
31.Bg4xd7 Rd8xd7
32.Rd1xd7 Bc8xd7
33.Re1e7 Kg8
34.Re7xd7 { resign }
1-0

[Event "Tourn. n10150"]
[Site "www.echecsemail.com"]
[Date "2019.08.04"]
[Round "1"]
[White "Gvladutz"]
[Black "Asoka"]
[WhiteElo "2480"]
[BlackElo "2750"]
[Result "1/2-1/2"]
[Round "1"]
1.d4 Ng8f6
2.c4 e6
3.Nb1c3 Bf8b4
4.e3 O-O
5.Bf1d3 c5
6.Ng1f3 d6
7.O-O Bb4xc3
8.bxc3 Nb8c6
9.e4 e5
10.d5 Nc6e7
11.Nf3h4 h6
12.f4 Ne7g6
13.Nh4xg6 fxg6
14.Ra1b1 Qd8e7
15.fxe5 dxe5
16.Qd1d2 g5
17.a4 Qe7c7
18.Qd2a2 Bc8g4
19.Rb1b2 Ra8b8
20.Rb2f2 Bg4h5
21.Bc1a3 b6
22.Qa2d2 Bh5g6
23.Qd2e3 a5
24.Qe3e2 Nf6h5
25.Rf2xf8 Rb8xf8
26.Rf1xf8 Kxf8
27.Bd3c2 Nh5f6
28.Ba3c1 Qc7d7
29.h3 g4
30.h4 Ke7
31.Qe2e1 Kd6
32.Bc1d2 Bg6e8
33.Qe1f1 { draw }
1/2-1/2

[Event "Tourn. n10163"]
[Site "www.echecsemail.com"]
[Date "2019.08.04"]
[Round "1"]
[White "Scasan55"]
[Black "Juantonio"]
[WhiteElo "1960"]
[BlackElo "1920"]
[Result "1-0"]
[Round "1"]
1.e4 e5
2.Ng1f3 Nb8c6
3.Bf1c4 Ng8f6
4.Nb1c3 Bf8c5
5.a3 a6
6.d3 d6
7.h3 Bc8e6
8.Bc4xe6 fxe6
9.O-O O-O
10.b4 Bc5a7
11.Bc1g5 Qd8d7
12.Bg5xf6 gxf6
13.Nf3h2 Qd7g7
14.b5 Nc6d4
15.bxa6 bxa6
16.Nc3e2 f5
17.Ne2xd4 Ba7xd4
18.Ra1b1 fxe4
19.Rb1b3 exd3
20.Rb3xd3 Kh8
21.Rd3g3 Qg7f7
22.Nh2f3 Bd4c5
23.Qd1d3 Qf7f5
24.Qd3c4 e4
25.Nf3d4 Bc5xd4
26.Qc4xd4 e5
27.Qd4c4 Qf5f7
28.Qc4xe4 Qf7d7
29.Rf1d1 Rf8f4
30.Qe4xa8 { resign }
1-0

[Event "Match"]
[Site "www.echecsemail.com"]
[Date "2019.08.04"]
[Round "1"]
[White "Sonny1000"]
[Black "Whitekknight"]
[WhiteElo "1560"]
[BlackElo "1930"]
[Result "0-1"]
[Round "1"]
1.e4 e5
2.c3 c5
3.c4 d6
4.Qd1a4 Bc8d7
5.Qa4b3 b6
6.Qb3g3 h6
7.h3 Ng8f6
8.Bf1e2 Nb8c6
9.Nb1c3 Nc6d4
10.Be2d1 Qd8e7
11.Nc3d5 Nf6xd5
12.h4 Nd5f6
13.a4 a5
14.Kf1 Nf6xe4
15.Qg3e3 Bd7c6
16.d3 Ne4f6
17.f3 Nd4f5
18.Qe3f2 Qe7d7
19.g4 Nf5e7
20.Bd1b3 Nf6xg4
21.Qf2g3 Ng4f6
22.Ng1e2 Ne7f5
23.Qg3h3 Qd7c8
24.h5 Bc6d7
25.Ne2g3 Nf5e3
26.Bc1xe3 Bd7xh3
27.Ke2 Bh3e6
28.Ra1g1 Qc8d7
29.Rh1h4 Bf8e7
30.Ng3e4 Nf6xe4
31.Rg1xg7 Be7xh4
32.fxe4 Be6g4
33.Kd2 Bg4xh5
34.Be3xh6 Rh8xh6
35.Rg7g8 Ke7
36.Rg8xa8 Bh4g5
37.Kc3 Bh5e2
38.Ra8a6 Qd7b7
{ resign }
0-1

[Event "Tourn. n10151"]
[Site "www.echecsemail.com"]
[Date "2019.08.04"]
[Round "1"]
[White "Iko"]
[Black "Picifarkinca"]
[WhiteElo "1830"]
[BlackElo "1830"]
[Result "0-1"]
[Round "1"]
1.e4 c5
2.e5 e6
3.Ng1f3 Nb8c6
4.Bf1b5 Qd8c7
5.Bb5xc6 Qc7xc6
6.O-O b6
7.Rf1e1 Bc8b7
8.d3 d6
9.exd6 Qc6xd6
10.Nb1c3 Ng8f6
11.a4 Bf8e7
12.Ra1a3 O-O
13.Nf3e5 Ra8d8
14.Nc3b5 Qd6d5
15.Nb5xa7 Qd5xg2

0-1

[Event "Tourn. n10106"]
[Site "www.echecsemail.com"]
[Date "2019.08.05"]
[Round "1"]
[White "Orhany24"]
[Black "Picifarkinca"]
[WhiteElo "2080"]
[BlackElo "2020"]
[Result "0-1"]
[Round "1"]
1.e4 e5
2.Ng1f3 Nb8c6
3.Bf1c4 Bf8c5
4.O-O d6
5.h3 Ng8f6
6.c3 O-O
7.d4 Bc5b6
8.Bc1g5 Qd8e7
9.Nb1d2 h6
10.Bg5h4 Nc6b8
11.d5 c6
12.Bc4b3 Nb8d7
13.c4 Nd7c5
14.Bb3c2 a5
15.a3 Nc5d7
16.b4 Rf8e8
17.Bc2d3 Nd7f8
18.Qd1c2 Nf8g6
19.Bh4g3 Bc8d7
20.Nd2b3 a4
21.Nb3d2 Nf6h5
22.Bg3h2 Nh5f4
23.Rf1e1 Re8c8
24.Ra1c1 cxd5
25.exd5 Nf4xd3
26.Qc2xd3 f5
27.Bh2xe5 dxe5
28.c5 e4
29.Qd3d4 Bb6d8
30.d6 Qe7f6
31.Qd4xf6 Bd8xf6
32.Nf3h2 Bf6b2
33.Rc1c2 Bb2f6
34.Nd2c4 Ra8a6
35.Re1c1 Ng6e5
36.Nc4b6 Rc8d8
37.Nb6d5 Kf7
38.Nd5c7 Ra6a7
39.Nh2f1 Ne5d3
40.Rc1d1 Bd7c6
41.Nf1e3 f4
42.Ne3c4 Bf6d4
43.Nc4b6 Bd4xf2
44.Rc2xf2 Nd3xf2
45.Kxf2 Kf6
46.b5 Bc6d7
47.Nb6xd7 Rd8xd7
48.c6 bxc6
49.bxc6 Rd7xc7
50.dxc7 Ra7xc7
51.Rd1d4 Rc7xc6
52.Rd4xe4 Rc6c2
53.Kg1 Rc2c1
54.Kh2 Kf5
55.Re4xa4 Rc1c2
56.Ra4a5 Ke4
57.a4 f3
{ resign }
0-1

[Event "Tourn. n10163"]
[Site "www.echecsemail.com"]
[Date "2019.08.05"]
[Round "1"]
[White "Malbertan"]
[Black "Juantonio"]
[WhiteElo "2040"]
[BlackElo "1920"]
[Result "1/2-1/2"]
[Round "1"]
1.e4 e5
2.Bf1c4 Ng8f6
3.Nb1c3 Bf8c5
4.f4 d6
5.Ng1f3 exf4
6.d4 Bc5b4
7.O-O Bc8g4
8.Bc1xf4 O-O
9.Qd1d3 h6
10.a3 Bb4a5
11.Ra1d1 Nb8c6
12.h3 Bg4h5
13.e5 Bh5g6
14.Qd3e3 Nf6h7
15.exd6 cxd6
16.Bc4d3 Bg6xd3
17.Qe3xd3 a6
18.Nc3e4 Ba5c7
19.c4 Nh7f6
20.Ne4xf6 Qd8xf6
21.Bf4h2 Qf6d8
22.Rd1e1 Qd8d7
23.d5 Nc6d8
24.Nf3d4 b6
25.Qd3f5 Qd7xf5
26.Nd4xf5 Nd8b7
27.Re1e7 Ra8c8
28.Rf1e1 Rf8d8
29.Nf5d4 Kf8
30.Nd4c6 Rd8e8
31.Re7xe8 Rc8xe8
32.Re1xe8 Kxe8
33.Kf2 Nb7d8
34.Nc6xd8 { draw }
1/2-1/2

[Event "Match"]
[Site "www.echecsemail.com"]
[Date "2019.08.05"]
[Round "1"]
[White "Emmanuel69"]
[Black "Ditto"]
[WhiteElo "2040"]
[BlackElo "1850"]
[Result "1/2-1/2"]
[Round "1"]
1.c4 e5
2.Nb1c3 Nb8c6
3.a3 Bf8c5
4.d3 d6
5.g3 Bc8d7
6.Bf1g2 Qd8f6
7.Nc3e4 Qf6d8
8.Ng1f3 Bc5b6
9.O-O Bd7g4
10.h3 Bg4e6
11.Ne4c3 Qd8d7
12.Kh2 Nc6d4
13.Nf3xd4 Bb6xd4
14.e3 Bd4b6
15.g4 Ra8b8
16.b4 c6
17.f4 exf4
18.exf4 Bb6c7
19.f5 d5
20.Kg1 Qd7d6
21.fxe6 fxe6
22.c5 Qd6h2
23.Kf2 Bc7g3
24.Kf3 Bg3h4
25.Bc1f4 Qh2xf4
26.Kxf4 Ng8e7
27.d4 Ne7g6
28.Ke3 Bh4g5
29.Kf2 O-O
30.Kg1 Bg5e3
31.Kh1 Rf8e8
32.Qd1d3 Be3g5
33.Nc3e2 Bg5f6
{ draw }
1/2-1/2

[Event "Tourn. n10176"]
[Site "www.echecsemail.com"]
[Date "2019.08.05"]
[Round "1"]
[White "Orhany24"]
[Black "Bigrezi"]
[WhiteElo "2180"]
[BlackElo "2110"]
[Result "0-1"]
[Round "1"]
1.e4 e5
2.Ng1f3 Nb8c6
3.Bf1c4 Ng8f6
4.O-O Nf6xe4
5.Rf1e1 d5
6.Bc4e2 Bf8c5
7.d4 Nc6xd4
8.Nf3xe5 Nd4xe2
9.Re1xe2 Qd8f6
10.Ne5d3 Bc5b6
11.Bc1e3 O-O
12.Be3xb6 Qf6xb6
13.Nb1d2 Bc8g4
14.Nd2f3 Ra8e8
{ resign }
0-1

[Event "Tourn. n10178"]
[Site "www.echecsemail.com"]
[Date "2019.08.05"]
[Round "1"]
[White "Bojan"]
[Black "Estonia"]
[WhiteElo "1980"]
[BlackElo "2010"]
[Result "1-0"]
[Round "1"]
1.e4 e5
2.Ng1f3 Ng8f6
3.d3 Nb8c6
4.c3 Bf8e7
5.b3 d6
6.d4 Bc8g4
7.dxe5 Nc6xe5
8.Nb1d2 O-O
9.Bf1e2 c5
10.Qd1c2 Bg4xf3
11.Nd2xf3 Qd8c7
12.h3 Ne5xf3
13.Be2xf3 h6
14.O-O Nf6h7
15.Rf1e1 Be7g5
16.g3 Bg5xc1
17.Ra1xc1 Nh7g5
18.Bf3g2 Ra8e8
19.Re1e2 Ng5e6
20.f4 Ne6d8
21.Rc1d1 Nd8c6
22.a3 b5
23.Re2d2 c4
24.Rd2xd6 cxb3
25.Qc2xb3 Re8b8
26.e5 Nc6a5
27.Qb3b4 Na5c4
28.Rd6d7 Qc7a5
29.Qb4xa5 Nc4xa5
30.Rd7xa7 Na5c4
31.Bg2f1 Nc4e3
32.Rd1d7 Rb8c8
33.Rd7d3 Ne3xf1
34.Kxf1 Rc8c5
35.Ke2 g5
36.Kd2 Rf8c8
37.Kc2 Rc8c7
38.Ra7xc7 Rc5xc7
39.Rd3d5 Rc7a7
40.Kb3 Ra7b7
41.Kb4 gxf4
42.gxf4 Kg7
43.Rd5xb5 Rb7d7
44.Kc4 Rd7d1
45.Rb5d5 Rd1a1
46.Kb4 Ra1b1
47.Kc4 Rb1h1
48.Rd5d3 Rh1f1
49.a4 Rf1xf4
50.Kb5 Rf4f1
51.Rd3e3 Rf1b1
52.Ka6 f6
53.e6 Kf8
54.e7 Ke8
55.Re3e6 Rb1b3
56.Re6xf6 Rb3xc3
57.Rf6xh6 Kxe7
58.a5 Rc3b3
59.h4 Rb3b1
60.h5 Kd7
61.Rh6b6 Rb1h1
62.h6 Kc8
63.Ka7 Rh1h5
64.a6 Rh5h1
65.Rb6c6 Kd7
66.Kb7 Rh1b1
67.Rc6b6 Rb1h1
68.a7 { resign }
1-0

[Event "Tourn. n10178"]
[Site "www.echecsemail.com"]
[Date "2019.08.05"]
[Round "1"]
[White "Malbertan"]
[Black "Bojan"]
[WhiteElo "2060"]
[BlackElo "1980"]
[Result "0-1"]
[Round "1"]
1.e4 e5
2.Ng1f3 d6
3.d4 exd4
4.Qd1xd4 Qd8f6
5.Nb1c3 Nb8c6
6.Bf1b5 Bc8d7
7.Qd4xf6 Ng8xf6
8.O-O a6
9.Bb5e2 h6
10.Rf1e1 Nc6b4
11.Be2d1 Bd7g4
12.a3 Bg4xf3
13.gxf3 Nb4c6
14.Nc3d5 O-O-O
15.Nd5xf6 gxf6
16.Bc1e3 Nc6e5
17.b3 c5
18.f4 Ne5g6
19.Bd1g4 Kc7
20.Ra1d1 Rh8g8
21.Kf1 Ng6h4
22.Bg4h3 Nh4f3
{ resign }
0-1

[Event "Tourn. n10165"]
[Site "www.echecsemail.com"]
[Date "2019.08.05"]
[Round "1"]
[White "Ssharp"]
[Black "Seger"]
[WhiteElo "2330"]
[BlackElo "2850"]
[Result "0-1"]
[Round "1"]
1.e4 c5
2.c3 e6
3.d4 d5
4.e5 Nb8c6
5.Ng1f3 Bc8d7
6.Bf1e2 Ng8e7
7.O-O Ne7g6
8.g3 f6
9.exf6 Qd8xf6
10.Bc1g5 Qf6f7
11.Nb1d2 h6
12.Bg5e3 Bf8e7
13.dxc5 e5
14.Nd2b3 Bd7h3
15.Rf1e1 O-O
16.Qd1d2 e4
17.Nf3d4 Ng6e5
18.Be2f1 Qf7h5
19.Qd2e2 Ne5g4
{ resign }
0-1

[Event "Tourn. n10163"]
[Site "www.echecsemail.com"]
[Date "2019.08.05"]
[Round "1"]
[White "Amaya"]
[Black "Malbertan"]
[WhiteElo "2060"]
[BlackElo "2040"]
[Result "0-1"]
[Round "1"]
1.d4 Ng8f6
2.e3 c5
3.c3 Nb8c6
4.Bf1d3 e5
5.Nb1d2 exd4
6.cxd4 cxd4
7.exd4 Nc6xd4
8.Ng1e2 Nd4xe2
9.Bd3xe2 Bf8c5
10.O-O O-O
11.Nd2f3 d5
12.Bc1g5 Qd8d6
13.Bg5xf6 Qd6xf6
14.Qd1xd5 Bc5b6
15.b3 Qf6e6
16.Qd5d2 Rf8d8
17.Qd2c2 Bc8d7
18.Be2c4 Qe6f6
19.Ra1d1 Bd7c6
20.Bc4xf7 Kxf7
21.Qc2xh7 Bc6xf3
22.gxf3 Qf6g5
23.Kh1 Qg5g6
24.Qh7h4 Qg6f6
25.Qh4c4 Kf8
26.Qc4b4 Qf6e7
27.Qb4f4 Qe7f7
28.Qf4b4 Kg8
29.Rd1e1 Qf7xf3
30.Kg1 Rd8f8
31.Qb4c4 Qf3f7
32.Qc4h4 Ra8e8
{ resign }
0-1

[Event "Tourn. n10099"]
[Site "www.echecsemail.com"]
[Date "2019.08.05"]
[Round "1"]
[White "Pdebonis"]
[Black "Numanoid"]
[WhiteElo "2710"]
[BlackElo "2780"]
[Result "1/2-1/2"]
[Round "1"]
1.d4 d5
2.c4 e6
3.Nb1c3 c6
4.e3 Ng8f6
5.Ng1f3 Nb8d7
6.Bf1d3 dxc4
7.Bd3xc4 b5
8.Bc4d3 a6
9.e4 c5
10.d5 c4
11.Bd3c2 Qd8c7
12.O-O Bc8b7
13.dxe6 fxe6
14.Nf3g5 Nd7c5
15.e5 Qc7xe5
16.Rf1e1 Qe5d6
17.Qd1xd6 Bf8xd6
18.Bc1e3 O-O
19.Ra1d1 Bd6e7
20.Be3xc5 Be7xc5
21.Ng5xe6 Rf8c8
22.Bc2f5 Ra8b8
23.a3 Bb7a8
24.Ne6xc5 Rc8xc5
25.Bf5e6 Kf8
26.f3 { draw }
1/2-1/2

[Event "Tourn. n10142"]
[Site "www.echecsemail.com"]
[Date "2019.08.05"]
[Round "1"]
[White "Pdebonis"]
[Black "Numanoid"]
[WhiteElo "2720"]
[BlackElo "2770"]
[Result "1/2-1/2"]
[Round "1"]
1.d4 d5
2.c4 e6
3.Nb1c3 Ng8f6
4.cxd5 exd5
5.Bc1g5 c6
6.e3 h6
7.Bg5h4 Bf8e7
8.Bf1d3 Nb8d7
9.Qd1c2 Nf6h5
10.Bh4xe7 Qd8xe7
11.O-O-O Nh5f6
12.Ng1f3 Nd7b6
13.h3 Bc8e6
14.Kb1 O-O-O
15.Rd1c1 Kb8
16.b3 Rd8c8
17.Rh1d1 g6
18.Rd1e1 Rh8e8
19.Nc3e2 { draw }
1/2-1/2

[Event "Tourn. n10184"]
[Site "www.echecsemail.com"]
[Date "2019.08.05"]
[Round "1"]
[White "Add"]
[Black "Bigrezi"]
[WhiteElo "2070"]
[BlackElo "2130"]
[Result "0-1"]
[Round "1"]
1.e4 d6
2.d4 e5
3.dxe5 Nb8c6
4.exd6 Bf8xd6
5.Bf1c4 Ng8f6
6.Bc1g5 h6
7.Bg5h4 g5
8.Bh4g3 Nf6xe4
9.Ng1e2 Ne4xg3
10.hxg3 Qd8e7
11.Nb1c3 Bc8g4
12.Qd1d2 O-O-O
13.Bc4d3 Bd6c5
14.Rh1f1 Nc6e5
15.O-O-O Rh8e8
16.Rd1e1 Bc5xf2
17.Rf1xf2 Ne5c4
18.Nc3d5 Rd8xd5
19.Qd2c3 Qe7e3
20.Kb1 Nc4d2
21.Ka1 Qe3xf2
22.Qc3xd2 Re8xe2
{ resign }
0-1